|
|
|
|
| LEADER |
00000nab a2200000uu 4500 |
| 001 |
vtls011137779 |
| 003 |
SK-MaSNL |
| 005 |
20260303131537.0 |
| 008 |
230218|2007 xo |||||||||||||||||cze| |
| 015 |
|
|
|a SNBRB
|
| 035 |
|
|
|a (urnnbn)urn:nbn:sk:snk:ar-007u5b
|
| 035 |
|
|
|a (uuid)c8054234-3a8c-4531-af9c-84e1d9a679e1
|
| 035 |
|
|
|a urn:nbn:sk:snk-abaqbo
|
| 040 |
|
|
|a SNKBUCL
|b slo
|c SNKBUCL
|e AACR2
|
| 041 |
0 |
|
|a cze
|
| 044 |
|
|
|a xo
|c SK
|
| 100 |
1 |
|
|a Kaďůrková, E.
|4 aut
|9 1148380
|
| 245 |
1 |
0 |
|a Stevensův-Johnsonův syndrom a toxická epidermální nekrolýza u dětí
|c E. Kaďůrková, E. Klásková, J. Dobešová, J. Reitinger, J. Wiedermann, L. Vítková, V. Smolka
|
| 700 |
1 |
|
|a Klásková, E.
|4 aut
|9 1144291
|
| 700 |
1 |
|
|a Dobešová, J.
|4 aut
|9 1147230
|
| 700 |
1 |
|
|a Reitinger, J.
|4 aut
|9 1144292
|
| 700 |
1 |
|
|a Wiedermann, J.
|4 aut
|9 824701
|
| 700 |
1 |
|
|a Vítková, L.
|4 aut
|9 1148381
|
| 700 |
1 |
|
|a Smolka, V.
|4 aut
|9 792908
|
| 773 |
0 |
|
|t Československá pediatrie : časopis Pediatrické společnosti časopis Československé pediatrické společnosti, sekce Československé lékařské společnosti J.E. Purkyně ; časopis České a Slovenské pediatrické společnosti
|g Roč. 62, č. 1 (2007), s. 31-36
|
| 954 |
|
|
|a odborná, vedecká literatúra cudzojazyčná (svetová)
|2 lita
|
| 958 |
|
|
|a OND
|
| 958 |
|
|
|a EUIPO
|
| 958 |
|
|
|a article14
|
| 999 |
|
|
|c 1945763
|d 1947693
|